Diccionari de la llengua catalana / Institut d'Estudis Catalans
Publicado:
Barcelona :
Enciclopèdia Catalana : Edicions 62 ; amb la col·laboració de Publicacions de l'Abadia de Montserrat, Editorial Moll i Edicions 3 i 4 ,
1995
Descripción Física:
LVII, 1908 p. ; 24'5 cm
Materias:
Català -- Diccionaris
MARC
| LEADER | 00000nam a2200000Ia 4500 | ||
|---|---|---|---|
| 001 | 12422, 12423 | ||
| 008 | 160829s1995 xx 000 0 cat d | ||
| 080 | |a Sala Tècnica | ||
| 110 | 2 | |a Institut d'Estudis Catalans |9 52284 | |
| 245 | |a Diccionari de la llengua catalana / Institut d'Estudis Catalans | ||
| 250 | |a 5a reimp. | ||
| 260 | |a Barcelona : |b Enciclopèdia Catalana : |b Edicions 62 ; amb la col·laboració de Publicacions de l'Abadia de Montserrat, Editorial Moll i Edicions 3 i 4, |c 1995 | ||
| 300 | |a LVII, 1908 p. ; |c 24'5 cm | ||
| 590 | |a Hi ha dos exemplars iguals | ||
| 650 | |a Català |x Diccionaris |9 25552 | ||
| 901 | |a Arxiu | ||
| 942 | |n 1 | ||
| 952 | |0 0 |1 0 |4 0 |6 SALA_TÈCNICA |7 1 |9 44845 |a Arxiu |b Arxiu |d 2016-12-01 |l 0 |o Sala Tècnica |p 12422, 12423 |r 2016-12-01 00:00:00 |w 2016-12-01 |y ARXIU | ||
| 999 | |c 47443 |d 47443 | ||